| 000 | 00675nam a2200217 a 4500 | ||
|---|---|---|---|
| 001 | 3361 | ||
| 003 | CDMR | ||
| 005 | 20131203125723.0 | ||
| 008 | 130130s1973||||||||||||||||||||||||||||d | ||
| 040 |
_aCDMR _bcat _cCDMR |
||
| 100 | 1 |
_aRivers, William _9209 |
|
| 245 | 1 | 0 |
_aResponsabilidad y comunicación de masas _cWilliam L. Rivers, Wilbur Schramm |
| 260 |
_aBuenos Aires _c1973 _bTroquel |
||
| 300 | _a352 p. | ||
| 650 | 0 | 4 |
_93542 _aMitjans de comunicació de massa _xInfluència |
| 650 | 0 | 4 |
_94289 _aComunicació _xAspectes socials |
| 650 | 0 | 4 |
_92305 _aComunicació _xAspectes polítics |
| 650 | 0 | 4 |
_93478 _aCultura de massa |
| 700 | 1 |
_94432 _aSchramm, Wilbur |
|
| 942 |
_cMON _2udc |
||
| 999 |
_c3361 _d3361 |
||